South Eastern Kenya University

Library Online Public Access Catalogue


Why write? / (Record no. 15317)

MARC details
000 -LEADER
fixed length control field 00820cam a2200253 a 4500
001 - CONTROL NUMBER
control field 3996503
003 - CONTROL NUMBER IDENTIFIER
control field OSt
005 - DATE AND TIME OF LATEST TRANSACTION
control field 20160810093955.0
008 - FIXED-LENGTH DATA ELEMENTS--GENERAL INFORMATION
fixed length control field 960214s1996 riua 000 0deng
010 ## - LIBRARY OF CONGRESS CONTROL NUMBER
LC control number 96005350
020 ## - INTERNATIONAL STANDARD BOOK NUMBER
International Standard Book Number 9780740930645
040 ## - CATALOGING SOURCE
Original cataloging agency SEKU
050 00 - LIBRARY OF CONGRESS CALL NUMBER
Classification number PS 3551
Item number .W5 2009
082 00 - DEWEY DECIMAL CLASSIFICATION NUMBER
Classification number 813/.54
Edition number 20
245 10 - TITLE STATEMENT
Title Why write? /
Remainder of title the honors 150 handbook.
250 ## - EDITION STATEMENT
Edition statement 3rd ed.
260 ## - PUBLICATION, DISTRIBUTION, ETC. (IMPRINT)
Place of publication, distribution, etc. Providence :
Name of publisher, distributor, etc. Byu Academic Publishing,
Date of publication, distribution, etc. 2009.
300 ## - PHYSICAL DESCRIPTION
Extent 360 p. :
Other physical details ill.
650 #0 - SUBJECT ADDED ENTRY--TOPICAL TERM
Topical term or geographic name as entry element Authorship.
650 #0 - SUBJECT ADDED ENTRY--TOPICAL TERM
Topical term or geographic name as entry element Writing.
700 ## - ADDED ENTRY--PERSONAL NAME
Personal name Jorgensen, Susan.
Relator code Coordinator.
942 ## - ADDED ENTRY ELEMENTS (KOHA)
Source of classification or shelving scheme Library of Congress Classification
Koha item type General circulation
Holdings
Withdrawn status Lost status Source of classification or shelving scheme Damaged status Not for loan Home library Current library Shelving location Date acquired Source of acquisition Total Checkouts Full call number Barcode Date last seen Price effective from Koha item type Public note
    Library of Congress Classification     Main Campus Library Main Campus Library General Stacks 10/08/2016 Donation - Books for Africa   PS 3551 .W5 2009 2016/016490 10/08/2016 10/08/2016 General circulation JCL
Kitui, Kenya.
+254736116989
library@seku.ac.ke